Statystyki dla Państwa Neutralne podczas II Wojny Światowej - flagi

Kliknij tutaj aby rozwiązać quiz!

Ogólne statystyki

  • Ten quiz został rozwiązany 90 razy
  • Średni wynik to 9 z 11

Statystyki odpowiedzi

Odpowiedź% Poprawnych
Watykan
100%
Islandia
97%
Irlandia
97%
Państwo Hiszpańskie
97%
Portugalia
97%
Szwecja
97%
Liechtenstein
90%
Andora
88%
Królestwo Afganistanu
74%
Tybet
57%
Królestwo Jemenu
56%

Rozkład punktacji

Percentyl według liczby udzielonych odpowiedzi

Procent ludzi z każdym wynikiem

Twoja historia wyników

Nie rozwiązałeś tego quizu